000 00569nam a2200169Ia 4500
008 090201s9999 xx 000 0 und d
010 _aKPL-18286
040 _bमराठी
041 _aमराठी
082 _a6225
_b18286
100 _aसुमति क्षेत्रमाडे
245 _aसीमारेषा
_cसुमति क्षेत्रमाडे
260 _c2004
_bभगवानदास हिरजी प्रकाशन
300 _a300
_bमोठा
600 _aसीमारेषा
942 _cBOOK
999 _c207059
_d207059